| 000 | 00680nam a2200253Ia 4500 | ||
|---|---|---|---|
| 003 | OSt | ||
| 005 | 20221005050212.0 | ||
| 006 | a|||||r|||| 00| 0 | ||
| 007 | ta | ||
| 008 | 221004b |||||||| |||| 00| 0 mal d | ||
| 024 | _a54774 | ||
| 037 | _cTextual | ||
| 040 |
_aCRL _cCRL _bmal |
||
| 041 |
_2mal _amal |
||
| 082 | _aO32,1MB0x, M2 | ||
| 100 |
_aBodheswaran _9594362 |
||
| 245 | 0 | _aTirenjedutta kavitakal | |
| 260 |
_aKottayam _bD.C. Books India _c1982 |
||
| 300 |
_a155p. _ccm. |
||
| 650 |
_a MALAYALAM POETRY _9185636 |
||
| 650 |
_aMALAYALAM LITERATURE _938866 |
||
| 942 |
_hO32,1MB0x, M2 _cTEXL _2cc |
||
| 999 |
_c956489 _d956489 |
||